• 首页
  • 本馆介绍
  • 公告通知
  • 最新文献
  • 馆藏检索
  • 电子资源
  • 读者导购
  • 参考咨询
  • 我的图书馆
  • 登录
  • 详细信息显示
  • 放入我的书架
  • 预约/预借图书
  • 作者相关作品
  • 分类相关作品
  • 丛书相关作品
  • 出版社相关作品

书目信息

  • 表格格式
  • 工作单格式
  • 卡片格式
题名:
中学生常用词辨析
    
 
作者: ;山东省临沂教师进修学院中文科 编写
分册:  
出版信息: 长春   吉林人民出版社  1982.09
页数: 644页
开本: 19cm
丛书名:
单 册:
中图分类: H136.1
科图分类:
主题词: 汉语--语义 , 汉语--语义学 , 汉语--词汇 , 训诂
电子资源:
ISBN:
000 00750nam0 2200241 45
001 0302271461
005 20040420153056.3
010    @dCNY1.45
091    @a7091.1415
100    @a20030227d1982 km y0chiy0120 ea
101 0  @achi
105    @a z 000yy
200 1  @a中学生常用词辨析@AZhong Xue Sheng Chang Yong Ci Bian Xi@f山东省临沂教师进修学院中文科编写@FShan Dong Sheng Lin Yi Jiao Shi Jin Xiu Xue Yuan Zhong Wen Ke Bian Xie
210    @a长春@c吉林人民出版社@d1982.09
215    @a644页@d19cm
606 0  @a汉语@x语义
606 0  @a汉语@x语义学
606 0  @a汉语@x词汇
606 0  @a训诂
690    @aH136.1@v3
711 02 @a山东省临沂教师进修学院中文科@4编写
801    @aCN@bTSTC@c20030227
905    @dH136.1@e36@f2@b84679-680@b84677@f1
    
    中学生常用词辨析/山东省临沂教师进修学院中文科编写.-长春:吉林人民出版社,1982.09
    644页;19cm
    
    
    ISBN :CNY1.45
    
●
相关链接 在E读中查询图书 在五车中查询图书 在当当中查询图书 在豆瓣中查询图书


正题名:中学生常用词辨析     索取号:H136.1/36         预约/预借

序号 登录号 条形码 馆藏地/架位号 状态 备注
1 0084677   000839515   第二样本阅览室/ [索取号:H136.1/36] 在馆    
2 0084678   001750938   密集书库/ [索取号:H136.1/36] 在馆    
3 0084679   000838482   第四借阅区/ [索取号:H136.1/36] 在馆    
4 0084680   000839506   密集书库/ [索取号:H136.1/36] 在馆    
5 0084681   001750974   密集书库/ [索取号:H136.1/36] 在馆    
唐山师范学院图书馆 欢迎您!
大连网信软件有限公司© 版权所有